[Event "Kupreichik Memorial Open 2018"]
[Site "Minsk"]
[Date "2018.06.23"]
[Round "9"]
[White "Cherepov, Alexej"]
[Black "Arzumanian, Georgy"]
[Result "0-1"]
[WhiteElo "2175"]
[BlackElo "2474"]
[Annotator "TA"]
[PlyCount "70"]
[EventDate "2018.06.21"]
[EventCountry "BLR"]
[SourceTitle "playchess.com"]
[Source "ChessBase"]
[SourceQuality "1"]

{[%evp 13,70,5,-1,-31,-49,-133,-129,-143,-132,-199,-189,-241,-223,-246,-195,-234,-213,-223,-219,-234,-158,-293,-138,-133,-139,-213,-153,-227,-183,-266,-243,-292,-302,-237,-196,-506,-497,-587,-364,-610,-580,-703,-658,-1397,-1356,-1574,-1073,-2105,-2110,-2403,-2300,-29984,-29985,-29985,-29986,-29990,-29989,-29989,-29990]} 1. d4 d6 2. Nf3 g6 {[%cal Bg7g6,Bg6g5,Bg5g4][%mdl 32]} 3. c4 Bg7 4. Nc3 e5 5. Bg5 f6 6. Bh4 {A41: Moderne Verteidigung gegen 1.d4 (mit oder ohne späterem e2-e4 und Sf6)} g5 7. Bg3 f5 {LiveBook: 7 Partien. zielt auf ...f4 ab.} 8. h4 $146 {Die Stellung ist ausgeglichen.} ({Vorgänger:} 8. h3 g4 9. hxg4 fxg4 10. dxe5 gxf3 11. exd6 cxd6 12. exf3 Ne7 13. c5 {0-1 (48) Aradhya,G (2289)-Sivuk,V (2550) New Delhi 2018}) 8... g4 {...f4 ist eine echte Drohung.} (8... f4 $5 9. Bh2 $8 g4 $15) 9. Nd2 (9. dxe5 $15 gxf3 10. exd6) 9... exd4 $17 10. Nd5 Nf6 11. Nb3 (11. Bf4 $17) 11... c5 12. h5 (12. Bf4 $142) 12... Nxd5 $19 13. cxd5 O-O 14. Qd2 Qe7 15. O-O-O Nd7 16. e3 {[%cal Re3d4]} dxe3 17. fxe3 {[#]} (17. Qxe3 $17 Qxe3+ 18. fxe3) 17... Ne5 (17... a5 $1 $19 {[%mdl 512] und Schwarz behält klar die Oberhand. Droht ...a4 und aus.} 18. h6 (18. Nxa5 Rxa5) 18... Bf6) 18. h6 $17 Bf6 19. Bf4 (19. Na5 $17 {ist wohl besser.}) 19... Bd7 20. Kb1 (20. Na5 $17 {war einen Versuch wert.}) 20... b5 21. Rc1 (21. Na5 $142) 21... Rac8 22. Be2 c4 23. Nd4 Rc5 24. Nc2 $2 (24. Qc2 {ist eine bessere Chance.}) 24... Ng6 $19 25. g3 Rfc8 26. Rhf1 $2 {[#]} (26. Nd4) 26... Bxb2 $1 {[%mdl 512]} 27. Rcd1 (27. Kxb2 c3+) 27... Bh8 28. Qa5 Nxf4 29. gxf4 R8c7 30. Rh1 {[#]} b4 $1 {[%cal Bb5b4,Bb4b3][%mdl 32]} 31. Qa6 (31. Qxb4 Rb5) 31... Bb5 32. Qa5 b3 {Schwarz setzt Matt.} 33. Nd4 Qe4+ 34. Kb2 c3+ 35. Ka3 Bxe2 {Precision: Weiß = 15%, Schwarz = 73%.} 0-1

[Event "Kupreichik Memorial Open 2018"]
[Site "Minsk"]
[Date "2018.06.23"]
[Round "9"]
[White "Katashuk, Uladzislau"]
[Black "Ilyuchyk, Yana"]
[Result "1-0"]
[WhiteElo "2149"]
[BlackElo "1971"]
[Annotator "NA"]
[PlyCount "63"]
[EventDate "2018.06.21"]
[EventCountry "BLR"]
[SourceTitle "playchess.com"]
[Source "ChessBase"]
[SourceQuality "1"]
[TimeControl "900+10"]

1. d4 {[%emt 0:00:00]} Nf6 {[%emt 0:00:02]} 2. c4 {[%emt 0:00:00]} d6 {[%emt 0:00:03]} 3. Nc3 {[%emt 0:00:00]} Nbd7 {[%emt 0:00:03]} 4. e4 {[%emt 0:00:00]} e5 {[%emt 0:00:02]} 5. Nge2 {[%emt 0:00:08]} g6 {[%emt 0:00:08]} 6. h3 {[%emt 0:00:05]} Bg7 {[%emt 0:00:05]} 7. Be3 {[%emt 0:00:14]} O-O {[%emt 0:00:09]} 8. d5 {[%emt 0:00:08]} Nc5 {[%emt 0:00:54]} 9. Qc2 {[%emt 0:00:17]} a5 {[%emt 0:00:03]} 10. g4 {[%emt 0:00:02]} Ne8 {[%emt 0:00:56]} 11. Ng3 {[%emt 0:01:56]} Bf6 {[%emt 0:01:28]} 12. O-O-O {[%emt 0:00:11]} Bg5 {[%emt 0:00:20]} 13. Bd3 {[%emt 0:01:06]} Bxe3+ {[%emt 0:01:43]} 14. fxe3 {[%emt 0:00:01]} Ng7 {[%emt 0:01:15]} 15. Qg2 {[%emt 0:01:15]} Qg5 {[%emt 0:01:07]} 16. Kd2 {[%emt 0:00:50]} Nxd3 {[%emt 0:01:25]} 17. Kxd3 {[%emt 0:00:01]} h5 {[%emt 0:00:09]} 18. Nb5 {[%emt 0:04:30]} Bd7 {[%emt 0:03:40]} 19. gxh5 {[%emt 0:01:05]} Nxh5 {[%emt 0:00:06]} 20. Rdg1 {[%emt 0:00:10]} Nxg3 {[%emt 0:01:05]} 21. Qh2 {[%emt 0:02:11]} Bxb5 {[%emt 0:01:06]} 22. cxb5 {[%emt 0:00:11]} Qd8 {[%emt 0:00:02]} 23. Rxg3 {[%emt 0:00:32]} Kg7 {[%emt 0:00:48]} 24. h4 {[%emt 0:00:53]} a4 {[%emt 0:00:40]} 25. h5 {[%emt 0:00:08]} Rh8 {[%emt 0:00:17]} 26. Qg2 {[%emt 0:00:08]} Qe8 {[%emt 0:00:16]} 27. hxg6 {[%emt 0:00:11]} Qxb5+ {[%emt 0:00:06]} 28. Kc2 {[%emt 0:00:21]} Qc4+ {[%emt 0:00:02]} 29. Kb1 {[%emt 0:00:06]} Qd3+ {[%emt 0:00:41]} 30. Ka1 {[%emt 0:01:37]} f6 {[%emt 0:00:22]} 31. Rh7+ {[%emt 0:00:09]} Kf8 {[%emt 0:00:57]} 32. g7+ {[%emt 0:00:02]} 1-0

[Event "Kupreichik Memorial Open 2018"]
[Site "Minsk"]
[Date "2018.06.23"]
[Round "9"]
[White "Sirotkina, Nina"]
[Black "Tkachou, Viktar"]
[Result "1-0"]
[WhiteElo "2116"]
[BlackElo "1791"]
[Annotator "NA"]
[PlyCount "87"]
[EventDate "2018.06.21"]
[EventCountry "BLR"]
[SourceTitle "playchess.com"]
[Source "ChessBase"]
[SourceQuality "1"]
[TimeControl "900+10"]

1. d4 {[%emt 0:00:00]} Nf6 {[%emt 0:00:01]} 2. Bf4 {[%emt 0:00:00]} d6 {[%emt 0:00:03]} 3. Nd2 {[%emt 0:00:03]} e6 {[%emt 0:00:09]} 4. e4 {[%emt 0:00:05]} c5 {[%emt 0:00:24]} 5. c3 {[%emt 0:01:38]} cxd4 {[%emt 0:00:38]} 6. cxd4 {[%emt 0:00:03]} a6 {[%emt 0:00:19]} 7. Ngf3 {[%emt 0:00:11]} Be7 {[%emt 0:00:06]} 8. a3 {[%emt 0:00:51]} O-O {[%emt 0:00:25]} 9. Bd3 {[%emt 0:00:41]} Nbd7 {[%emt 0:00:47]} 10. Qe2 {[%emt 0:00:21]} b6 {[%emt 0:00:46]} 11. O-O {[%emt 0:00:15]} Bb7 {[%emt 0:00:08]} 12. Nc4 {[%emt 0:01:58]} Nb8 {[%emt 0:00:50]} 13. Rfd1 {[%emt 0:01:13]} b5 {[%emt 0:00:13]} 14. Ncd2 {[%emt 0:00:04]} Nbd7 {[%emt 0:00:18]} 15. Nf1 {[%emt 0:01:07]} Nb6 {[%emt 0:00:26]} 16. Ng3 {[%emt 0:01:17]} Rc8 {[%emt 0:00:33]} 17. b3 {[%emt 0:00:11]} Rc3 {[%emt 0:00:45]} 18. Rab1 {[%emt 0:00:16]} Qa8 {[%emt 0:00:27]} 19. Bd2 {[%emt 0:00:34]} Rcc8 {[%emt 0:00:30]} 20. Ba5 {[%emt 0:00:44]} Qa7 {[%emt 0:02:02]} 21. h4 {[%emt 0:00:20]} h6 {[%emt 0:00:12]} 22. h5 {[%emt 0:00:06]} Rfe8 {[%emt 0:01:01]} 23. Rb2 {[%emt 0:00:24]} Bd8 {[%emt 0:00:28]} 24. Bb4 {[%emt 0:00:20]} Qb8 {[%emt 0:00:06]} 25. e5 {[%emt 0:00:18]} dxe5 {[%emt 0:00:09]} 26. dxe5 {[%emt 0:00:03]} Bxf3 {[%emt 0:00:39]} 27. gxf3 {[%emt 0:00:13]} Nfd5 {[%emt 0:00:04]} 28. Qe4 {[%emt 0:00:41]} Nxb4 {[%emt 0:02:10]} 29. Qh7+ {[%emt 0:00:11]} Kf8 {[%emt 0:00:01]} 30. axb4 {[%emt 0:00:12]} Qxe5 {[%emt 0:00:38]} 31. Re2 {[%emt 0:00:04]} Qf6 {[%emt 0:00:22]} 32. Qh8+ {[%emt 0:01:06]} Ke7 {[%emt 0:00:06]} 33. Nf5+ {[%emt 0:00:06]} Kd7 {[%emt 0:00:46]} 34. Bxb5+ {[%emt 0:00:11]} Kc7 {[%emt 0:00:11]} 35. Qxe8 {[%emt 0:00:24]} exf5 {[%emt 0:00:27]} 36. Rc2+ {[%emt 0:00:30]} Kb8 {[%emt 0:00:24]} 37. Rxc8+ {[%emt 0:00:13]} Kxc8 {[%emt 0:00:33]} 38. Bxa6+ {[%emt 0:00:17]} Kc7 {[%emt 0:00:06]} 39. Bb5 {[%emt 0:00:50]} Be7 {[%emt 0:00:54]} 40. Rc1+ {[%emt 0:00:16]} Kb7 {[%emt 0:00:59]} 41. Bc6+ {[%emt 0:01:04]} Ka7 {[%emt 0:00:27]} 42. Rc2 {[%emt 0:00:11]} Qa1+ 43. Kg2 Bxb4 44. Qxf7+ 1-0

[Event "Kupreichik Memorial Open 2018"]
[Site "Minsk"]
[Date "2018.06.23"]
[Round "9"]
[White "Fedotov, Konstantin"]
[Black "Sadovnikov, Konstantin"]
[Result "1-0"]
[WhiteElo "2017"]
[BlackElo "1907"]
[Annotator "NA"]
[PlyCount "81"]
[EventDate "2018.06.21"]
[EventCountry "BLR"]
[SourceTitle "playchess.com"]
[Source "ChessBase"]
[SourceQuality "1"]
[TimeControl "900+10"]

1. e4 {[%emt 0:00:00]} c5 {[%emt 0:00:01]} 2. Nc3 {[%emt 0:00:00]} Nc6 {[%emt 0:00:01]} 3. Bb5 {[%emt 0:00:00]} Nd4 {[%emt 0:00:01]} 4. Bc4 {[%emt 0:00:00]} e6 {[%emt 0:00:01]} 5. Nf3 {[%emt 0:00:00]} Ne7 {[%emt 0:00:01]} 6. Nxd4 {[%emt 0:00:01]} cxd4 {[%emt 0:00:01]} 7. Ne2 {[%emt 0:00:01]} Nc6 {[%emt 0:00:01]} 8. d3 {[%emt 0:00:02]} g6 {[%emt 0:00:02]} 9. O-O {[%emt 0:00:03]} Bg7 {[%emt 0:00:01]} 10. f4 {[%emt 0:00:01]} O-O {[%emt 0:00:04]} 11. a3 {[%emt 0:00:34]} Kh8 {[%emt 0:00:34]} 12. b4 {[%emt 0:00:03]} d5 {[%emt 0:00:23]} 13. exd5 {[%emt 0:00:16]} exd5 {[%emt 0:00:01]} 14. Bb3 {[%emt 0:00:01]} Bg4 {[%emt 0:00:08]} 15. h3 {[%emt 0:00:01]} Be6 {[%emt 0:00:00]} 16. Ng3 {[%emt 0:01:05]} Ne7 {[%emt 0:00:13]} 17. Qf3 {[%emt 0:00:21]} Qd7 {[%emt 0:00:19]} 18. Bb2 {[%emt 0:00:40]} f5 {[%emt 0:03:07]} 19. Ne2 {[%emt 0:01:00]} Nc6 {[%emt 0:00:02]} 20. Qf2 {[%emt 0:00:02]} Rad8 {[%emt 0:00:42]} 21. Nxd4 {[%emt 0:00:22]} Nxd4 {[%emt 0:00:01]} 22. Bxd4 {[%emt 0:00:02]} b6 {[%emt 0:00:03]} 23. Rae1 {[%emt 0:00:08]} Rfe8 {[%emt 0:00:05]} 24. Bxg7+ {[%emt 0:00:10]} Qxg7 {[%emt 0:00:18]} 25. Re5 {[%emt 0:00:02]} Qf7 {[%emt 0:04:04]} 26. Rfe1 {[%emt 0:00:46]} Kg8 {[%emt 0:00:51]} 27. Qh4 {[%emt 0:00:44]} Rd6 {[%emt 0:01:38]} 28. Qg5 {[%emt 0:02:34]} Qd7 {[%emt 0:02:53]} 29. Qf6 {[%emt 0:03:06]} Rf8 {[%emt 0:00:06]} 30. Qh4 {[%emt 0:00:47]} Re8 {[%emt 0:00:00]} 31. Qf2 {[%emt 0:00:08]} Qf7 {[%emt 0:02:00]} 32. Qd4 {[%emt 0:00:14]} Red8 {[%emt 0:00:56]} 33. R1e2 {[%emt 0:01:48]} R8d7 {[%emt 0:00:20]} 34. Qf2 {[%emt 0:00:16]} Re7 {[%emt 0:00:09]} 35. Qe1 {[%emt 0:00:03]} Kf8 {[%emt 0:00:11]} 36. Bxd5 {[%emt 0:00:28]} Rxd5 {[%emt 0:00:21]} 37. Rxe6 {[%emt 0:00:01]} Rxe6 {[%emt 0:00:12]} 38. Rxe6 {[%emt 0:00:02]} Qc7 {[%emt 0:00:22]} 39. Re8+ {[%emt 0:00:19]} Kf7 {[%emt 0:00:00]} 40. Qe6+ {[%emt 0:00:03]} Kg7 {[%emt 0:00:01]} 41. Re7+ {[%emt 0:00:02]} 1-0

[Event "Kupreichik Memorial Open 2018"]
[Site "Minsk"]
[Date "2018.06.23"]
[Round "9"]
[White "Artsiomau, Stanislau"]
[Black "Kolosovskaya, Olga"]
[Result "1-0"]
[WhiteElo "1954"]
[BlackElo "1747"]
[Annotator "NA"]
[PlyCount "53"]
[EventDate "2018.06.21"]
[EventCountry "BLR"]
[SourceTitle "playchess.com"]
[Source "ChessBase"]
[SourceQuality "1"]
[TimeControl "900+10"]

1. e4 {[%emt 0:00:00]} c5 {[%emt 0:00:01]} 2. Nf3 {[%emt 0:00:00]} e6 {[%emt 0:00:01]} 3. g3 {[%emt 0:00:00]} Nc6 {[%emt 0:00:02]} 4. Bg2 {[%emt 0:00:00]} g6 {[%emt 0:00:03]} 5. d3 {[%emt 0:00:01]} Bg7 {[%emt 0:00:02]} 6. O-O {[%emt 0:00:02]} Nge7 {[%emt 0:00:02]} 7. Re1 {[%emt 0:00:02]} d6 {[%emt 0:00:06]} 8. Nbd2 {[%emt 0:00:18]} O-O {[%emt 0:00:03]} 9. Nf1 {[%emt 0:00:01]} Rb8 {[%emt 0:00:03]} 10. h4 {[%emt 0:00:02]} Nd4 {[%emt 0:00:35]} 11. Nxd4 {[%emt 0:00:37]} cxd4 {[%emt 0:00:06]} 12. h5 {[%emt 0:00:16]} e5 {[%emt 0:02:25]} 13. Nh2 {[%emt 0:00:10]} f5 {[%emt 0:00:44]} 14. hxg6 {[%emt 0:00:05]} hxg6 {[%emt 0:00:03]} 15. exf5 {[%emt 0:00:27]} gxf5 {[%emt 0:01:08]} 16. Bg5 {[%emt 0:00:20]} Qe8 {[%emt 0:00:09]} 17. f4 {[%emt 0:01:12]} Qf7 {[%emt 0:04:48]} 18. Nf3 {[%emt 0:00:36]} Ng6 {[%emt 0:00:16]} 19. Nd2 {[%emt 0:01:31]} Be6 {[%emt 0:00:22]} 20. Nc4 {[%emt 0:01:07]} Bxc4 {[%emt 0:00:32]} 21. dxc4 {[%emt 0:00:00]} e4 {[%emt 0:00:21]} 22. Qh5 {[%emt 0:01:13]} Nh8 {[%emt 0:00:43]} 23. Qh3 {[%emt 0:01:05]} Qxc4 {[%emt 0:00:07]} 24. Rxe4 {[%emt 0:01:08]} fxe4 {[%emt 0:00:19]} 25. Bxe4 {[%emt 0:00:02]} Rbe8 {[%emt 0:02:04]} 26. Bh7+ {[%emt 0:00:08]} Kf7 {[%emt 0:00:02]} 27. Qd7+ {[%emt 0:00:01] Kg8 Be4 Rb8 Qh3 Rf7} 1-0

[Event "Kupreichik Memorial Open 2018"]
[Site "Minsk"]
[Date "2018.06.23"]
[Round "9"]
[White "Laptii, Nazar"]
[Black "Notkin, Maksim"]
[Result "0-1"]
[WhiteElo "1925"]
[BlackElo "2449"]
[Annotator "TA"]
[PlyCount "112"]
[EventDate "2018.06.21"]
[EventCountry "BLR"]
[SourceTitle "playchess.com"]
[Source "ChessBase"]
[SourceQuality "1"]

{[%evp 22,112,-27,-29,-24,-26,-17,-11,-10,-10,-6,-23,0,0,0,-9,0,0,0,0,0,0,17,6,34,16,30,30,22,27,78,37,83,53,45,56,53,35,56,68,78,32,45,0,0,0,0,0,30,0,0,0,39,-84,-91,-518,-588,-509,-581,-572,-554,-550,-550,-520,-458,-488,-395,-600,-439,-594,-601,-962,-914,-1175,-1049,-1664,-1078,-1009,-795,-733,-691,-861,-701,-5261,-4748,-1737,-1635,-29990,-29991,-29997,-29998,-29998,-29999]} 1. Nf3 Nf6 2. g3 d5 3. Bg2 c6 4. O-O Bf5 5. d3 h6 6. Nbd2 e6 7. b3 a5 8. a3 Be7 9. Bb2 O-O 10. c4 Nbd7 11. Ra2 Qb6 {A12: English Opening: 1...c6 with b3 by White} (11... Bh7 12. Qa1 Re8 13. Ne5 Bf8 14. Nxd7 Nxd7 15. Rc1 Bg6 16. Bc3 Bh5 17. Kf1 Qg5 18. h3 Rec8 19. b4 axb4 20. axb4 {1-0 (71) Amin,B (2693)-Girya,O (2489) Wijk aan Zee 2018}) 12. Qa1 {LiveBook: 7 Games} Rfd8 13. Ne5 Nxe5 {Black has an edge.} 14. Bxe5 Ne8 15. cxd5 $146 ({Predecessor:} 15. Nf3 f6 16. Bc3 e5 17. Bxe5 dxc4 18. bxc4 fxe5 19. Qxe5 {0-1 (29) Deike,R-Wijetunge,I USA 2004}) 15... exd5 16. Rc2 Bf6 (16... Be6 {with more complications.} 17. Rfc1 d4 18. Nc4 Qa7 19. Bf4 Bg5) 17. Bxf6 Nxf6 18. Qc3 Re8 19. Nf3 Qc7 20. b4 axb4 21. axb4 Qd7 22. Rb1 Rac8 23. Qc5 Bh3 24. Ra1 Bxg2 25. Kxg2 Qd8 (25... Nh7 $11 {keeps the balance.}) 26. Ra7 $16 Nd7 27. Qd6 Re6 28. Qf4 Qb6 29. Raa2 Rce8 30. Qd4 Qd8 31. Kf1 Qe7 32. e3 Rf6 33. Kg2 Qe6 34. Ra7 b6 35. Rc7 c5 $1 {[%cal Rc5d4]} 36. bxc5 Nxc5 37. Rb2 (37. Qc3 $14 {keeps the upper hand.}) 37... Qf5 $36 {[%mdl 2048] Black has strong initiative.} 38. Ne1 $2 {[%mdl 8192]} (38. Nh4 $17 {is a better chance.} Qxd3 39. Qxd3 Nxd3 40. Ra2) 38... Ne6 $19 39. Qc3 d4 {[%cal Bd5d4,Bd4e3][%mdl 32]} 40. Qc4 Nxc7 41. Qxc7 {Now e4 and White clings on.} dxe3 42. f3 Qa5 43. Qc1 Qd5 44. Re2 (44. Qc4 $142 Qd8 45. Rb4) 44... Rfe6 45. Qc3 b5 46. Qb4 Ra8 47. Qc3 Ra2 48. Kf1 Rxe2 49. Kxe2 {[%mdl 4096] Endgame KQR-KQN} Qa2+ 50. Qc2 Qa4 51. Qc8+ Kh7 {[#] aiming for ...b4.} 52. Qc7 b4 53. Qc4 Qa3 {...b3 is the strong threat.} 54. Nc2 Qc1 {Black mates.} 55. f4 Qd2+ 56. Kf3 {[#]} f5 $1 {[%mdl 512] Precision: White = 39%, Black = 53%.} 0-1

[Event "Kupreichik Memorial Open 2018"]
[Site "Minsk"]
[Date "2018.06.23"]
[Round "9"]
[White "Belyuga, Mikhail"]
[Black "Sihite, Chelsie Monica Igne"]
[Result "0-1"]
[WhiteElo "1908"]
[BlackElo "2236"]
[Annotator "NA"]
[PlyCount "54"]
[EventDate "2018.06.21"]
[EventCountry "BLR"]
[SourceTitle "playchess.com"]
[Source "ChessBase"]
[SourceQuality "1"]
[TimeControl "900+10"]

1. Nf3 {[%emt 0:00:00]} d5 {[%emt 0:00:02]} 2. d4 {[%emt 0:00:00]} c6 {[%emt 0:00:02]} 3. c4 {[%emt 0:00:00]} e6 {[%emt 0:00:01]} 4. g3 {[%emt 0:00:01]} f5 {[%emt 0:00:02]} 5. Bg2 {[%emt 0:00:07]} Nf6 {[%emt 0:00:02]} 6. O-O {[%emt 0:00:04]} Be7 {[%emt 0:00:02]} 7. Nc3 {[%emt 0:00:23]} O-O {[%emt 0:00:03]} 8. Bf4 {[%emt 0:07:25]} h6 {[%emt 0:01:10]} 9. h4 {[%emt 0:00:32]} Qe8 {[%emt 0:00:19]} 10. Qd2 {[%emt 0:00:37]} Kh7 {[%emt 0:00:36]} 11. Ne5 {[%emt 0:00:39]} Nh5 {[%emt 0:00:33]} 12. Bf3 {[%emt 0:01:34]} Nd7 {[%emt 0:00:27]} 13. Nxd7 {[%emt 0:00:47]} Bxd7 {[%emt 0:00:04]} 14. Be5 {[%emt 0:00:03]} Qg6 {[%emt 0:02:55]} 15. Bxh5 {[%emt 0:01:35]} Qxh5 {[%emt 0:00:02]} 16. e3 {[%emt 0:00:16]} dxc4 {[%emt 0:01:17]} 17. Kg2 {[%emt 0:01:30]} b5 {[%emt 0:00:17]} 18. Ne2 {[%emt 0:00:03]} c5 {[%emt 0:01:03]} 19. d5 {[%emt 0:00:46]} exd5 {[%emt 0:00:41]} 20. Qxd5 {[%emt 0:00:42]} Qe8 {[%emt 0:00:01]} 21. Qd2 {[%emt 0:00:47]} Bc6+ {[%emt 0:00:05]} 22. Kg1 {[%emt 0:00:09]} Qh5 {[%emt 0:00:10]} 23. Nf4 {[%emt 0:00:37]} Qf3 {[%emt 0:00:27]} 24. Kh2 {[%emt 0:00:01]} g5 {[%emt 0:00:39]} 25. hxg5 {[%emt 0:00:02]} hxg5 {[%emt 0:00:19]} 26. Rh1 {[%emt 0:00:01]} gxf4 {[%emt 0:00:03]} 27. Kg1+ {[%emt 0:00:01]} Qxh1# {[%emt 0:00:03]} 0-1

[Event "Kupreichik Memorial Open 2018"]
[Site "Minsk"]
[Date "2018.06.23"]
[Round "9"]
[White "Romanovskij, Nikita"]
[Black "Masjuk, Vladimir"]
[Result "1-0"]
[WhiteElo "1869"]
[BlackElo "1829"]
[Annotator "NA"]
[PlyCount "49"]
[EventDate "2018.06.21"]
[EventCountry "BLR"]
[SourceTitle "playchess.com"]
[Source "ChessBase"]
[SourceQuality "1"]
[TimeControl "900+10"]

1. d4 {[%emt 0:00:00]} Nf6 {[%emt 0:00:03]} 2. Bf4 {[%emt 0:00:00]} d6 {[%emt 0:00:03]} 3. Nc3 {[%emt 0:00:09]} Bf5 {[%emt 0:00:09]} 4. g3 {[%emt 0:00:02]} Nbd7 {[%emt 0:00:03]} 5. Bg2 {[%emt 0:00:03]} c6 {[%emt 0:00:03]} 6. e4 {[%emt 0:00:01]} Bg6 {[%emt 0:00:04]} 7. Nge2 {[%emt 0:00:01]} e5 {[%emt 0:00:04]} 8. Be3 {[%emt 0:00:01]} Be7 {[%emt 0:00:15]} 9. h3 {[%emt 0:00:17]} h6 {[%emt 0:00:25]} 10. O-O {[%emt 0:00:07]} O-O {[%emt 0:00:05]} 11. f4 {[%emt 0:00:35]} exf4 {[%emt 0:00:19]} 12. gxf4 {[%emt 0:00:02]} Bh5 {[%emt 0:00:08]} 13. Qd2 {[%emt 0:00:24]} Bxe2 {[%emt 0:00:07]} 14. Qxe2 {[%emt 0:00:06]} Qa5 {[%emt 0:01:15]} 15. e5 {[%emt 0:01:29]} Nd5 {[%emt 0:00:40]} 16. Nxd5 {[%emt 0:00:51]} cxd5 {[%emt 0:00:03]} 17. Qg4 {[%emt 0:00:12]} f5 {[%emt 0:02:44]} 18. Qg6 {[%emt 0:00:46]} Nb6 {[%emt 0:07:02]} 19. Qe6+ {[%emt 0:01:24]} Rf7 {[%emt 0:00:03]} 20. Bf3 {[%emt 0:00:01]} g6 {[%emt 0:00:17]} 21. Kh2 {[%emt 0:00:27]} Qa4 {[%emt 0:01:49]} 22. Rg1 {[%emt 0:00:44]} Qxc2+ {[%emt 0:01:17]} 23. Rg2 {[%emt 0:00:01]} Qd3 {[%emt 0:00:01]} 24. Qxg6+ {[%emt 0:00:09]} Kf8 {[%emt 0:00:01]} 25. Qg8# {[%emt 0:00:03]} 1-0

[Event "Kupreichik Memorial Open 2018"]
[Site "Minsk"]
[Date "2018.06.23"]
[Round "9"]
[White "Talma, Sergei"]
[Black "Kashtelyan, Valentin"]
[Result "1-0"]
[WhiteElo "1858"]
[BlackElo "1604"]
[Annotator "NA"]
[PlyCount "107"]
[EventDate "2018.06.21"]
[EventCountry "BLR"]
[SourceTitle "playchess.com"]
[Source "ChessBase"]
[SourceQuality "1"]
[TimeControl "900+10"]

1. d4 {[%emt 0:00:00]} d5 {[%emt 0:00:40]} 2. Nc3 {[%emt 0:00:00]} c6 {[%emt 0:00:02]} 3. e4 {[%emt 0:00:00]} dxe4 {[%emt 0:00:02]} 4. Nxe4 {[%emt 0:00:00]} e6 {[%emt 0:00:10]} 5. Nf3 {[%emt 0:00:02]} Nd7 {[%emt 0:00:02]} 6. Bd3 {[%emt 0:00:04]} Ngf6 {[%emt 0:00:01]} 7. Nxf6+ {[%emt 0:00:36]} Nxf6 {[%emt 0:00:02]} 8. O-O {[%emt 0:00:02]} Be7 {[%emt 0:00:15]} 9. c4 {[%emt 0:00:26]} O-O {[%emt 0:00:12]} 10. Qc2 {[%emt 0:00:01]} h6 {[%emt 0:00:09]} 11. h3 {[%emt 0:00:23]} c5 {[%emt 0:00:52]} 12. Be3 {[%emt 0:00:42]} cxd4 {[%emt 0:00:09]} 13. Bxd4 {[%emt 0:00:15]} b6 {[%emt 0:00:11]} 14. Rad1 {[%emt 0:00:05]} Qc7 {[%emt 0:00:14]} 15. Be5 {[%emt 0:00:55]} Qc5 {[%emt 0:00:45]} 16. a3 {[%emt 0:02:31]} Bb7 {[%emt 0:00:18]} 17. b4 {[%emt 0:00:04]} Qc8 {[%emt 0:00:18]} 18. Nd4 {[%emt 0:01:26]} a5 {[%emt 0:01:14]} 19. b5 {[%emt 0:00:45]} Nd7 {[%emt 0:00:13]} 20. Bg3 {[%emt 0:01:24]} Bxa3 {[%emt 0:00:09]} 21. Nc6 {[%emt 0:01:50]} Bc5 {[%emt 0:00:47]} 22. Be4 {[%emt 0:02:18]} Nf6 {[%emt 0:00:35]} 23. Bd6 {[%emt 0:00:41]} Bxd6 {[%emt 0:02:13]} 24. Rxd6 {[%emt 0:00:01]} Re8 {[%emt 0:00:27]} 25. Bf3 {[%emt 0:00:17]} a4 {[%emt 0:00:18]} 26. Rfd1 {[%emt 0:01:02]} Qc7 {[%emt 0:00:11]} 27. c5 {[%emt 0:00:48]} Kh8 {[%emt 0:00:58]} 28. cxb6 {[%emt 0:00:40]} Qxb6 {[%emt 0:00:05]} 29. Nd8 {[%emt 0:00:38]} Qxb5 {[%emt 0:01:30]} 30. Bxb7 {[%emt 0:01:20]} Raxd8 {[%emt 0:01:09]} 31. Rxd8 {[%emt 0:00:02]} Qxb7 {[%emt 0:00:10]} 32. Rxe8+ {[%emt 0:00:36]} Nxe8 {[%emt 0:00:14]} 33. Rd8 {[%emt 0:00:01]} Qb5 {[%emt 0:01:11]} 34. Qc8 {[%emt 0:00:04]} Qb1+ {[%emt 0:01:55]} 35. Kh2 {[%emt 0:00:01]} a3 {[%emt 0:00:05]} 36. Rxe8+ {[%emt 0:00:03]} Kh7 {[%emt 0:00:01]} 37. Rh8+ {[%emt 0:00:10]} Kg6 {[%emt 0:00:03]} 38. Qb8 {[%emt 0:00:04]} a2 {[%emt 0:00:24]} 39. Qg3+ {[%emt 0:00:15]} Kf6 {[%emt 0:00:36]} 40. Qh4+ {[%emt 0:00:37]} Kg6 {[%emt 0:00:13]} 41. Qg4+ {[%emt 0:00:08]} Kf6 {[%emt 0:00:13]} 42. Qd4+ {[%emt 0:00:12]} e5 {[%emt 0:00:45]} 43. Qd6+ {[%emt 0:00:09]} Kf5 {[%emt 0:00:17]} 44. g4+ {[%emt 0:00:11]} Ke4 {[%emt 0:00:31]} 45. Qc6+ {[%emt 0:00:12]} Kf4 {[%emt 0:00:28]} 46. Qc4+ {[%emt 0:00:12]} Kg5 {[%emt 0:00:32]} 47. Qxf7 {[%emt 0:00:22]} a1=Q {[%emt 0:00:51]} 48. Qh5+ {[%emt 0:00:08]} Kf6 {[%emt 0:00:05]} 49. Rf8+ {[%emt 0:00:01]} Ke6 {[%emt 0:00:05]} 50. Qf7+ {[%emt 0:00:04]} Kd6 {[%emt 0:00:03]} 51. Rd8+ {[%emt 0:00:03]} Kc5 {[%emt 0:00:05]} 52. Qc7+ {[%emt 0:00:03]} Kb4 {[%emt 0:00:20]} 53. Rb8+ {[%emt 0:00:03]} Ka4 {[%emt 0:00:29]} 54. Qa7# {[%emt 0:00:04]} 1-0